Normal view
MARC view
Entry Personal Name
001 - CONTROL NUMBER
- control field: 87450
003 - CONTROL NUMBER IDENTIFIER
- control field: dpl
005 - DATE AND TIME OF LATEST TRANSACTION
- control field: 20260225120657.0
008 - FIXED-LENGTH DATA ELEMENTS
- fixed length control field: 260225|| aca||aabn | a|a d
040 ## - CATALOGING SOURCE
- Original cataloging agency: dpl
- Transcribing agency: dpl
100 ## - HEADING--PERSONAL NAME
- Personal name: Satyananda Saraswati
670 ## - SOURCE DATA FOUND
- Source citation: Work cat.: (dpl)214911: Satyananda Saraswati, Tirth Yatra II/, 2013
